LIBRARY ONLINE CATALOGUE

Cases and materials on arbitration law and practice / (Record no. 11773)

MARC details
000 -LEADER
fixed length control field 00961cam a22002532 4500
001 - CONTROL NUMBER
control field 0000025520
005 - DATE AND TIME OF LATEST TRANSACTION
control field 20151217154552.0
008 - FIXED-LENGTH DATA ELEMENTS--GENERAL INFORMATION
fixed length control field 151014s xx 000 0 eng d
020 ## - INTERNATIONAL STANDARD BOOK NUMBER
International Standard Book Number 1628101065 :
040 ## - CATALOGING SOURCE
Original cataloging agency KABU
Transcribing agency KABU
100 1# - MAIN ENTRY--PERSONAL NAME
Personal name Carbonneau, Thomas F.
-- 0000182412
245 10 - TITLE STATEMENT
Title Cases and materials on arbitration law and practice /
Statement of responsibility, etc. Thomas E. Carbonneau.
250 ## - EDITION STATEMENT
Edition statement 7th ed.
260 ## - PUBLICATION, DISTRIBUTION, ETC. (IMPRINT)
Place of publication, distribution, etc. St. Paul, MN :
Name of publisher, distributor, etc. West Academic publishing,
Date of publication, distribution, etc. 2015.
300 ## - PHYSICAL DESCRIPTION
Extent xxviii, 1042 p.
650 #0 - SUBJECT ADDED ENTRY--TOPICAL TERM
Topical term or geographic name as entry element Arbitration and award
General subdivision Cases
Geographic subdivision United States.
-- 0000182413
852 1# - LOCATION
-- p53500 KES
852 1# - LOCATION
-- p53500 KES
852 1# - LOCATION
-- p53500 KES
852 1# - LOCATION
-- p53500 KES
852 1# - LOCATION
-- p53500 KES
908 ## - PUT COMMAND PARAMETER (RLIN)
Put command parameter 151014
950 ## - LOCAL HOLDINGS (RLIN)
-- 1
Holdings
Withdrawn status Lost status Source of classification or shelving scheme Not for loan Home library Current library Date acquired Total Checkouts Full call number Barcode Date last seen Price effective from Koha item type Date last checked out Total Renewals
    Library of Congress Classification   Kabarak, Main Campus Kabarak, Main Campus 17/12/2015   KF9085 .C37 2015 c. 1 020854 17/12/2015 17/12/2015 General Collection    
    Library of Congress Classification   Kabarak, Main Campus Kabarak, Main Campus 17/12/2015   KF9085 .C37 2015 c. 2 020853 17/12/2015 17/12/2015 General Collection    
    Library of Congress Classification   Kabarak, Main Campus Kabarak, Main Campus 17/12/2015   KF9085 .C37 2015 c. 3 020855 17/12/2015 17/12/2015 General Collection    
    Library of Congress Classification   Kabarak, Main Campus Kabarak, Main Campus 17/12/2015 1 KF9085 .C37 2015 c. 4 020856 07/06/2017 17/12/2015 General Collection 06/06/2017  
    Library of Congress Classification   Kabarak, Main Campus Kabarak, Main Campus 17/12/2015 1 KF9085 .C37 2015 c. 5 020857 17/04/2018 17/12/2015 General Collection 18/10/2017 1